[Event "European Rapid 2017"]
[Site "Katowice POL"]
[Date "2017.12.16"]
[Round "1.30"]
[White "Konyves, Almos"]
[Black "Saric, Ivan"]
[Result "0-1"]
[BlackTitle "GM"]
[WhiteElo "1747"]
[BlackElo "2669"]
[WhiteFideId "785911"]
[BlackFideId "14508150"]
[EventDate "2017.12.16"]

1. e4 g6 2. d4 Bg7 3. Nc3 d6 4. Bc4 Nf6 5. Nf3 O-O 6. Bf4 Bg4 7. Qd2 Nc6 8. Be3
Nxe4 9. Bxf7+ Rxf7 10. Nxe4 Rxf3 11. h3 Rxe3+ 12. fxe3 Bf5 13. Ng3 Bd7 14. O-O
e6 15. Qf2 Qe7 16. Ne4 Rf8 17. Qe2 Rxf1+ 18. Rxf1 d5 19. Nc5 Nxd4 0-1

[Event "European Rapid 2017"]
[Site "Katowice POL"]
[Date "2017.12.16"]
[Round "1.31"]
[White "Fedorov, Alexei"]
[Black "Sowa, Wiktoria"]
[Result "1-0"]
[WhiteTitle "GM"]
[WhiteElo "2573"]
[BlackElo "1908"]
[WhiteFideId "13500465"]
[BlackFideId "21836701"]
[EventDate "2017.12.16"]

1. e4 Nf6 2. d3 e5 3. Nf3 Nc6 4. c3 d5 5. Qc2 Be7 6. b4 a6 7. Bb2 O-O 8. Be2 Re8
9. O-O Bg4 10. Nbd2 Bf8 11. Rfe1 Qd7 12. a3 Rad8 13. Bf1 g6 14. h3 Bxf3 15. Nxf3
Bh6 16. exd5 Qxd5 17. c4 Qd6 18. b5 Nd4 19. Nxd4 exd4 20. a4 Re5 21. Rxe5 Qxe5
22. g3 a5 23. Qe2 Qf5 24. Bg2 b6 25. Re1 Bf8 26. Qf3 Qxf3 27. Bxf3 Bc5 28. Bc6
h5 29. Kg2 Kg7 30. f4 Rd6 31. Kf3 Re6 32. Re5 Rd6 33. g4 hxg4+ 34. hxg4 Rd8 35.
g5 Nh5 36. f5 gxf5 37. Rxf5 Kg6 38. Be4 Re8 39. Re5+ Kg7 40. Rxe8 1-0

[Event "European Rapid 2017"]
[Site "Katowice POL"]
[Date "2017.12.16"]
[Round "1.32"]
[White "Coquette, Remy"]
[Black "Moranda, Wojciech"]
[Result "0-1"]
[BlackTitle "GM"]
[WhiteElo "1703"]
[BlackElo "2593"]
[WhiteFideId "254614"]
[BlackFideId "1122401"]
[EventDate "2017.12.16"]

1. e4 c5 2. Nf3 d6 3. d4 cxd4 4. Nxd4 Nf6 5. Nc3 a6 6. Be2 g6 7. Be3 Bg7 8. Qd2
Nbd7 9. f3 b5 10. g4 Bb7 11. Bd3 Ne5 12. Bh6 Bxh6 13. Qxh6 Qb6 14. Nce2 d5 15.
O-O-O dxe4 16. fxe4 O-O-O 17. h3 Rxd4 18. Nxd4 Qxd4 19. Bxb5 Qc5 20. Ba4 Bxe4
21. Rh2 Kb7 22. Qf4 g5 23. Qf2 Qxf2 24. Rxf2 h5 25. Rd4 hxg4 26. hxg4 Rh1+ 27.
Kd2 Nf3+ 28. Rxf3 Bxf3 0-1

[Event "European Rapid 2017"]
[Site "Katowice POL"]
[Date "2017.12.16"]
[Round "1.33"]
[White "Gajewski, Grzegorz"]
[Black "Ni, Polina"]
[Result "1-0"]
[WhiteTitle "GM"]
[WhiteElo "2601"]
[BlackElo "1848"]
[WhiteFideId "1116207"]
[BlackFideId "11602481"]
[EventDate "2017.12.16"]

1. e4 Nf6 2. e5 Nd5 3. d4 d6 4. Nf3 Bg4 5. Be2 e6 6. O-O Nc6 7. exd6 Bxd6 8. c4
Nf6 9. Be3 O-O 10. Nc3 Re8 11. Qb3 Na5 12. Qa4 Nc6 13. Rad1 Qd7 14. a3 Nb8 15.
Qb3 c6 16. Ne5 Qc7 17. Nxg4 Nxg4 18. Bxg4 Bxh2+ 19. Kh1 f5 20. Bh5 g6 21. Bf3
Nd7 22. g3 f4 23. Bxf4 Qd8 24. Kxh2 g5 25. Be5 Rf8 26. Bg4 Qe7 27. Ne4 Rf7 28.
c5 Nxe5 29. dxe5 Re8 30. Nd6 1-0

[Event "European Rapid 2017"]
[Site "Katowice POL"]
[Date "2017.12.16"]
[Round "1.35"]
[White "Saric, Ante"]
[Black "Tonkoshkur, Daniil"]
[Result "1-0"]
[WhiteTitle "GM"]
[WhiteElo "2540"]
[BlackElo "1832"]
[WhiteFideId "14506254"]
[BlackFideId "4146310"]
[EventDate "2017.12.16"]

1. Nf3 Nf6 2. g3 g6 3. b3 Bg7 4. Bb2 O-O 5. Bg2 c6 6. c4 d5 7. O-O Na6 8. d3 Bf5
9. Nbd2 Qb6 10. a3 Rad8 11. Qc2 Rfe8 12. b4 c5 13. bxc5 Qxc5 14. Bd4 Qc7 15. Qb2
Nc5 16. Rfc1 Ne6 17. cxd5 Nxd4 18. Nxd4 Qd7 19. Nxf5 Qxf5 20. e4 Nxe4 21. dxe4
Qxf2+ 22. Kxf2 Bxb2 23. Ke2 e6 24. Kd3 exd5 25. exd5 Re5 26. Nc4 Bxa1 27. Rxa1
Rh5 28. h4 g5 29. Bf3 g4 30. Be4 f5 31. Bg2 f4 32. gxf4 Rxh4 33. Ne3 g3 34. Ke4
Kf7 35. Kf3 Rg8 36. Rc1 Re8 37. Rc7+ Kg6 38. Kxg3 Rh6 39. Ng4 Rh5 40. Ne5+ Kf6
41. Rf7# 1-0

[Event "European Rapid 2017"]
[Site "Katowice POL"]
[Date "2017.12.16"]
[Round "1.37"]
[White "Meskovs, Nikita"]
[Black "Suder, Jakub"]
[Result "1-0"]
[WhiteTitle "GM"]
[WhiteElo "2538"]
[BlackElo "1768"]
[WhiteFideId "11602740"]
[BlackFideId "1195310"]
[EventDate "2017.12.16"]

1. c4 e5 2. Nc3 Nf6 3. Nf3 d6 4. d4 Nbd7 5. e4 Be7 6. Be2 O-O 7. O-O Re8 8. d5
Nc5 9. Qc2 a5 10. Be3 Bf8 11. h3 g6 12. b3 Nh5 13. a3 Nf4 14. b4 Na6 15. Rab1 f5
16. Bxf4 exf4 17. exf5 Bxf5 18. Bd3 Bxd3 19. Qxd3 Bg7 20. Ne4 axb4 21. axb4 h6
22. Nd4 Bxd4 23. Qxd4 Re5 24. c5 Qe7 25. f3 Re8 26. Ra1 Nb8 27. Ra7 Na6 28. c6
bxc6 29. Rxa6 cxd5 30. Nf2 Re1 31. Qxd5+ Kf8 32. Ne4 Rxf1+ 33. Kxf1 Qe5 34. Qxe5
Rxe5 35. Ra7 Rb5 36. Rxc7 Rxb4 37. Nxd6 Rb1+ 38. Kf2 Rb2+ 39. Kg1 Rb6 40. Rf7+
Kg8 41. Rf6 Kh7 42. h4 g5 43. h5 Rb1+ 44. Kh2 Rb2 45. Nf5 1-0

[Event "European Rapid 2017"]
[Site "Katowice POL"]
[Date "2017.12.16"]
[Round "1.38"]
[White "Radecki, Adam"]
[Black "Dziuba, Marcin"]
[Result "0-1"]
[BlackTitle "GM"]
[WhiteElo "1832"]
[BlackElo "2584"]
[WhiteFideId "1197347"]
[BlackFideId "1112953"]
[EventDate "2017.12.16"]

1. e4 c5 2. d3 Nc6 3. g3 g6 4. Bg2 Bg7 5. Nc3 d6 6. Nf3 Nf6 7. O-O O-O 8. Ne2 d5
9. exd5 Nxd5 10. c3 e5 11. Ng5 h6 12. Ne4 b6 13. f4 f5 14. Nf2 Bb7 15. fxe5 Qd7
16. Nf4 Nxe5 17. Qb3 c4 18. dxc4 Nxf4 19. Bxf4 Bxg2 20. Kxg2 Qc6+ 21. Kh3 g5 22.
Bxe5 g4+ 23. Kh4 Bxe5 24. c5+ Kg7 25. Nxg4 fxg4 26. Qc4 Bf6+ 27. Kxg4 Qd7+ 28.
Kf3 Bxc3+ 29. Kg2 Bxb2 30. Rad1 Qc6+ 31. Kh3 bxc5 32. Qg4+ Kh8 33. Rxf8+ Rxf8
34. Rd7 Qf6 35. Rxa7 Qf1+ 36. Kh4 Rg8 37. Qe6 Bf6+ 38. Kh5 Qf3+ 39. Kxh6 Bg5# 0-1

[Event "European Rapid 2017"]
[Site "Katowice POL"]
[Date "2017.12.16"]
[Round "1.39"]
[White "Pavlidis, Antonios"]
[Black "Luberanski, Jakub"]
[Result "1-0"]
[WhiteTitle "GM"]
[WhiteElo "2539"]
[BlackElo "1756"]
[WhiteFideId "4212312"]
[BlackFideId "21830509"]
[EventDate "2017.12.16"]

1. e4 e5 2. Nf3 Nc6 3. Bb5 a6 4. Ba4 Nf6 5. O-O b5 6. Bb3 Be7 7. d3 d6 8. a3 O-O
9. Nc3 Bg4 10. Be3 Nd4 11. Bxd4 exd4 12. Nd5 c5 13. a4 Be6 14. Nf4 Bxb3 15. cxb3
Qd7 16. Re1 Qg4 17. g3 Rfe8 18. b4 Qd7 19. Qb3 Bf8 20. axb5 axb5 21. Rxa8 Rxa8
22. bxc5 dxc5 23. e5 Ne8 24. e6 fxe6 25. Nxe6 Kh8 26. Nxf8 Qf5 27. Ne5 Qxf8 28.
Qxb5 Nf6 29. Qc4 g6 30. Nf7+ Kg7 31. Ng5 Kh8 32. Ne6 Qb8 33. Qxc5 Qxb2 34. Qe5 1-0

[Event "European Rapid 2017"]
[Site "Katowice POL"]
[Date "2017.12.16"]
[Round "1.40"]
[White "Czaplewska, Klara"]
[Black "Tregubov, Pavel V."]
[Result "0-1"]
[BlackTitle "GM"]
[WhiteElo "1885"]
[BlackElo "2575"]
[WhiteFideId "1149342"]
[BlackFideId "4115341"]
[EventDate "2017.12.16"]

1. e4 e6 2. d4 d5 3. e5 c5 4. c3 Nc6 5. Nf3 Qb6 6. a3 Bd7 7. b4 cxd4 8. cxd4 Rc8
9. Be2 Nge7 10. O-O Nf5 11. Be3 g6 12. Qd3 Nxe3 13. fxe3 Bh6 14. Nbd2 Ne7 15. e4
a6 16. Kh1 Bb5 17. Qb3 Bxe2 18. Rfe1 Bc4 19. Nxc4 Rxc4 0-1

[Event "European Rapid 2017"]
[Site "Katowice POL"]
[Date "2017.12.16"]
[Round "1.43"]
[White "Hracek, Zbynek"]
[Black "Wikar, Martyna"]
[Result "1-0"]
[WhiteTitle "GM"]
[WhiteElo "2592"]
[BlackElo "1880"]
[WhiteFideId "300071"]
[BlackFideId "21807663"]
[EventDate "2017.12.16"]

1. d4 d5 2. c4 c6 3. Nf3 Nf6 4. Nbd2 e6 5. g3 Nbd7 6. Bg2 Bd6 7. O-O O-O 8. b3
b6 9. Bb2 Bb7 10. Ne5 c5 11. cxd5 exd5 12. Ndc4 Bc7 13. Nxd7 Qxd7 14. dxc5 dxc4
15. Bxb7 Rab8 16. c6 Qe6 17. Bxf6 Qxf6 18. bxc4 Qe6 19. Qd5 Rfd8 20. Qxe6 fxe6
21. Rfd1 Kf7 22. f4 Ke7 23. Kf2 g6 24. Kf3 e5 25. h4 Ke6 26. Ke4 h5 27. e3 a5
28. a4 Bd6 29. Rd5 exf4 30. gxf4 Bc7 31. Rad1 Rd6 32. Rg1 Rg8 33. Rxh5 1-0

[Event "European Rapid 2017"]
[Site "Katowice POL"]
[Date "2017.12.16"]
[Round "1.44"]
[White "Simkunaite, Gabija"]
[Black "Krasenkow, Michal"]
[Result "0-1"]
[BlackTitle "GM"]
[WhiteElo "1666"]
[BlackElo "2671"]
[WhiteFideId "12808253"]
[BlackFideId "1113100"]
[EventDate "2017.12.16"]

1. e4 c5 2. c3 d5 3. exd5 Qxd5 4. d4 Bf5 5. Nf3 Nc6 6. Na3 cxd4 7. cxd4 e5 8.
Nb5 O-O-O 9. Be2 exd4 10. Bd3 Bxd3 11. Qxd3 Nb4 12. Nxa7+ Kb8 13. Bf4+ Kxa7 14.
Qa3+ Na6 15. Qd3 Bb4+ 16. Kf1 Nf6 17. a3 Bd6 18. Bxd6 Rxd6 19. Rd1 Rhd8 20. h3
Nc5 21. Qb5 d3 22. Kg1 Nfe4 23. Qa5+ Na6 24. Qe1 Re6 25. Qe3+ Qc5 26. Rxd3 Rxd3
27. Qxd3 Nxf2 28. Qf1 Ng4+ 0-1

[Event "European Rapid 2017"]
[Site "Katowice POL"]
[Date "2017.12.16"]
[Round "1.45"]
[White "Mastrovasilis, Dimitrios"]
[Black "Kacprzak, Kacper"]
[Result "1-0"]
[WhiteTitle "GM"]
[WhiteElo "2582"]
[BlackElo "1529"]
[WhiteFideId "4202694"]
[BlackFideId "21819319"]
[EventDate "2017.12.16"]

1. e4 e6 2. d4 d5 3. Nc3 Bb4 4. e5 c5 5. Bd2 a6 6. a3 Bxc3 7. Bxc3 cxd4 8. Qxd4
Ne7 9. Nf3 O-O 10. Bd3 Nbc6 11. Qh4 Ng6 12. Qg3 Qb6 13. O-O-O Qc5 14. Bxg6 fxg6
15. h4 Rf5 16. Nd4 Nxd4 17. Bxd4 Qc4 18. b3 Qc7 19. Qe3 h6 20. g4 Rf8 21. f4 Qf7
22. Rdf1 Bd7 23. h5 Bb5 24. Rf2 Rac8 25. Kb2 a5 26. Bc5 Rfd8 27. hxg6 Qxg6 28.
f5 Qxg4 29. f6 d4 30. Rxh6 gxh6 31. Qxh6 Rf8 32. Rh2 1-0

[Event "European Rapid 2017"]
[Site "Katowice POL"]
[Date "2017.12.16"]
[Round "1.46"]
[White "Strojek, Kazimierz"]
[Black "Miezis, Normunds"]
[Result "0-1"]
[BlackTitle "GM"]
[WhiteElo "1715"]
[BlackElo "2434"]
[WhiteFideId "1126873"]
[BlackFideId "11600136"]
[EventDate "2017.12.16"]

1. e4 c5 2. Nc3 e6 3. g3 Nc6 4. Bg2 g6 5. d3 Bg7 6. Be3 Nd4 7. Qd2 Ne7 8. Nd1 h6
9. h4 e5 10. c3 Ne6 11. f3 d5 12. Bf2 h5 13. exd5 Nxd5 14. Ne2 Bh6 15. Qc2 O-O
16. a3 Re8 17. O-O a5 18. c4 Ne7 19. Ne3 Bd7 20. Nd5 Nxd5 21. cxd5 Nd4 22. Bxd4
exd4 23. f4 Qe7 24. Rae1 Qe3+ 25. Kh2 Bg4 26. Ng1 Qxe1 27. Rxe1 Rxe1 28. Qxc5
Rc8 29. Qxa5 Rb1 30. Qb4 Bf8 31. d6 Rc2 32. Qxd4 Rbxb2 33. Qd5 Bxd6 34. Ne2 Rxe2
35. Qxd6 Rxg2+ 36. Kh1 Rgc2 0-1

[Event "European Rapid 2017"]
[Site "Katowice POL"]
[Date "2017.12.16"]
[Round "1.47"]
[White "Mikhalchishin, Adrian"]
[Black "Wasiolek, Adrian"]
[Result "1-0"]
[WhiteTitle "GM"]
[WhiteElo "2479"]
[BlackElo "1682"]
[WhiteFideId "14602385"]
[BlackFideId "21813981"]
[EventDate "2017.12.16"]

1. Nf3 d6 2. d4 Nf6 3. c4 g6 4. g3 Bg7 5. Bg2 O-O 6. O-O Nc6 7. Nc3 e5 8. d5 Ne7
9. e4 Ne8 10. Ne1 f5 11. Nd3 Nf6 12. Bg5 fxe4 13. Nxe4 Nxe4 14. Bxe4 Bh3 15. Re1
Qd7 16. f3 h6 17. Bxe7 Qxe7 18. Bxg6 Qg5 19. Be4 Rf4 20. Kh1 Raf8 21. Nf2 Rh4
22. f4 exf4 23. gxh4 Qxh4 24. Nxh3 f3 25. Bxf3 Qxh3 26. Bg2 Qh4 27. Qd3 Be5 28.
Qh3 Qd4 29. Re4 Qd2 30. Qe6+ Kh8 31. Rxe5 dxe5 32. Qxe5+ Kh7 33. Be4+ Kg8 34.
Rg1+ 1-0

[Event "European Rapid 2017"]
[Site "Katowice POL"]
[Date "2017.12.16"]
[Round "1.49"]
[White "Tomczak, Jacek"]
[Black "Sismeiro, Miguel"]
[Result "1-0"]
[WhiteTitle "GM"]
[WhiteElo "2588"]
[BlackElo "1581"]
[WhiteFideId "1124668"]
[BlackFideId "1950975"]
[EventDate "2017.12.16"]

1. e4 e5 2. Nf3 Nc6 3. d4 exd4 4. Nxd4 Bc5 5. Be3 Qf6 6. c3 Nge7 7. g3 d5 8. Bg2
dxe4 9. Nd2 Bb6 10. O-O O-O 11. Nxe4 Qg6 12. Nc5 Kh8 13. Nxc6 Nxc6 14. Qa4 f5
15. Qf4 Qd6 16. b4 Qxf4 17. Bxf4 a5 18. a3 axb4 19. axb4 Rxa1 20. Rxa1 Rd8 21.
Na4 Kg8 22. b5 Ne7 23. c4 Bd4 24. Re1 Rd7 25. c5 Ng6 26. Re8+ Kf7 27. Rxc8 Nxf4
28. gxf4 Re7 29. Bxb7 Re1+ 30. Kg2 Re2 31. Rxc7+ Kg6 32. Bf3 Rxf2+ 33. Kg3 Rd2
34. b6 Bf2+ 35. Kh3 Rd4 36. b7 Rxf4 37. b8=Q Rxa4 38. Qe8+ Kf6 39. Qe7+ Kg6 40.
Qxg7# 1-0

[Event "European Rapid 2017"]
[Site "Katowice POL"]
[Date "2017.12.16"]
[Round "1.50"]
[White "Kolodziej, Krzysztof"]
[Black "Warakomski, Tomasz"]
[Result "0-1"]
[BlackTitle "GM"]
[WhiteElo "1691"]
[BlackElo "2537"]
[WhiteFideId "1176331"]
[BlackFideId "1124552"]
[EventDate "2017.12.16"]

1. e4 c5 2. Nf3 e6 3. d4 cxd4 4. Nxd4 a6 5. c4 Nf6 6. Nc3 Bb4 7. f3 O-O 8. Be3
d5 9. e5 Nfd7 10. f4 dxc4 11. Bxc4 Nb6 12. Bb3 Nd5 13. Bxd5 Qxd5 14. O-O Bxc3
15. bxc3 Bd7 16. Qb3 Qxb3 17. axb3 Rc8 18. Rac1 a5 19. Rfd1 Be8 20. f5 Ra6 21.
Rf1 Nd7 22. fxe6 fxe6 23. Nf3 b5 24. Bd4 a4 25. bxa4 bxa4 26. Ra1 h6 27. Nd2 Nc5
28. Bxc5 Rxc5 29. Rf4 Rxe5 30. Rfxa4 Rxa4 31. Rxa4 Bxa4 0-1

[Event "European Rapid 2017"]
[Site "Katowice POL"]
[Date "2017.12.16"]
[Round "1.51"]
[White "Krejci, Jan2"]
[Black "Tsesler, Yakau"]
[Result "1-0"]
[WhiteTitle "GM"]
[WhiteElo "2570"]
[BlackElo "1786"]
[WhiteFideId "322156"]
[BlackFideId "13513672"]
[EventDate "2017.12.16"]

1. d4 Nf6 2. c4 e6 3. Nf3 d5 4. Nc3 c6 5. e3 Nbd7 6. Qc2 Bd6 7. Bd3 O-O 8. O-O
Qe7 9. e4 dxe4 10. Nxe4 Nxe4 11. Bxe4 Nf6 12. Bg5 h6 13. Bh4 Kh8 14. Rfe1 Rg8
15. Rad1 g5 16. Bg3 Bxg3 17. hxg3 Nxe4 18. Qxe4 f6 19. g4 Qh7 20. Qe2 Bd7 21.
Nd2 b6 22. Ne4 Qe7 23. Qf3 Kg7 24. Ng3 Qf8 25. Nh5+ Kg6 26. Qd3+ Kf7 27. Qh7+
Rg7 28. Qxh6 Qh8 29. Qxf6+ Kg8 30. Re5 Rf8 31. Qxg7+ Qxg7 32. Nxg7 Kxg7 33.
Rxg5+ Kf6 34. Rh5 Rg8 35. f3 Rg7 36. Kf2 Be8 37. Rh6+ Ke7 38. Re1 Bf7 39. d5
cxd5 40. cxd5 Kf8 41. dxe6 Be8 42. e7+ Kg8 43. Rf6 Rf7 44. Rxf7 Kxf7 45. f4 Kg8
46. f5 Kf7 47. g5 b5 48. Kg3 b4 49. Kf4 b3 50. axb3 a5 51. g4 a4 52. bxa4 Bxa4
53. e8=Q+ Bxe8 54. Rxe8 Kxe8 55. b4 Kd7 56. g6 1-0

[Event "European Rapid 2017"]
[Site "Katowice POL"]
[Date "2017.12.16"]
[Round "1.52"]
[White "Kozubal, Aleksandra"]
[Black "Bosiocic, Marin"]
[Result "0-1"]
[BlackTitle "GM"]
[WhiteElo "1783"]
[BlackElo "2624"]
[WhiteFideId "1166573"]
[BlackFideId "14507927"]
[EventDate "2017.12.16"]

1. d4 d5 2. c4 e6 3. Nc3 a6 4. e3 Nf6 5. Bd3 Nbd7 6. Nf3 dxc4 7. Bxc4 c5 8. b3
b5 9. Bd3 Bb7 10. Bb2 cxd4 11. exd4 Bd6 12. O-O O-O 13. Qe2 Qb8 14. h3 Re8 15.
Ne4 Nxe4 16. Bxe4 Bxe4 17. Qxe4 Nf6 18. Qd3 Qb7 19. Rfe1 Red8 20. Rad1 h6 21. a3
Rac8 22. Nd2 Qd5 23. Nf1 Qf5 24. Ne3 Qxd3 25. Rxd3 Bf8 26. Red1 Nd5 27. Nxd5
Rxd5 28. f4 Bd6 29. g3 g5 30. fxg5 hxg5 31. R1d2 Kf8 32. Kf2 Ke7 33. Re2 Kd7 34.
Rf3 f5 35. Rfe3 Rh8 36. Kg2 Rh6 37. Rd3 e5 38. Bc1 Rg6 39. Red2 e4 40. Rc3 f4
41. Rd1 Rg8 42. b4 Rh8 43. Rc2 f3+ 44. Kh2 g4 0-1

[Event "European Rapid 2017"]
[Site "Katowice POL"]
[Date "2017.12.16"]
[Round "1.53"]
[White "Kantans, Toms"]
[Black "Kacprzak, Karol"]
[Result "1-0"]
[WhiteTitle "GM"]
[WhiteElo "2484"]
[BlackElo "1818"]
[WhiteFideId "11602945"]
[BlackFideId "21819327"]
[EventDate "2017.12.16"]

1. e4 c5 2. Nf3 d6 3. d4 cxd4 4. Nxd4 Nf6 5. Nc3 a6 6. Bg5 e6 7. f4 h6 8. Bh4
Qb6 9. a3 Be7 10. Bf2 Qc7 11. Qf3 Nc6 12. Nxc6 bxc6 13. O-O-O e5 14. f5 Bb7 15.
Bc4 O-O 16. g4 Rac8 17. h4 d5 18. g5 dxc4 19. gxf6 Bxf6 20. Qe2 Rfd8 21. Qxc4
Rxd1+ 22. Rxd1 Qe7 23. b4 Bxh4 24. Bxh4 Qxh4 25. Rd7 Qg5+ 26. Kb2 Ba8 27. Rxf7
Rf8 28. Rf6+ 1-0

[Event "European Rapid 2017"]
[Site "Katowice POL"]
[Date "2017.12.16"]
[Round "1.54"]
[White "Koloczek, Maciej"]
[Black "Stocek, Jiri"]
[Result "0-1"]
[BlackTitle "GM"]
[WhiteElo "1882"]
[BlackElo "2566"]
[WhiteFideId "1198785"]
[BlackFideId "304760"]
[EventDate "2017.12.16"]

1. e4 c5 2. Nf3 e6 3. b3 b6 4. Bb2 Bb7 5. Nc3 Nc6 6. d4 cxd4 7. Nxd4 Nf6 8. Ndb5
d5 9. exd5 exd5 10. Nxd5 Nxd5 11. Qxd5 Bb4+ 12. c3 Qe7+ 13. Be2 Ne5 14. Qd2 Bxg2
15. cxb4 Nf3+ 0-1

[Event "European Rapid 2017"]
[Site "Katowice POL"]
[Date "2017.12.16"]
[Round "1.55"]
[White "Moskalenko, Alexander"]
[Black "Norek, Bartosz"]
[Result "1-0"]
[WhiteTitle "IM"]
[WhiteElo "2522"]
[BlackElo "1732"]
[WhiteFideId "4155351"]
[BlackFideId "21804591"]
[EventDate "2017.12.16"]

1. d4 Nf6 2. Bg5 e6 3. e4 Be7 4. Nc3 d5 5. e5 Nfd7 6. Bxe7 Qxe7 7. f4 a6 8. Nf3
c5 9. Qd2 Nc6 10. O-O-O b5 11. dxc5 Qxc5 12. Ne2 Nb6 13. Ned4 Nc4 14. Bxc4 bxc4
15. Nxc6 Qxc6 16. Qb4 a5 17. Qa3 Bd7 18. Nd4 Qb6 19. c3 Qc7 20. Rhe1 Ra6 21. Re3
f5 22. exf6 gxf6 23. Nf5 Bc8 24. Rxd5 Kf7 25. Nd6+ Kg6 26. Rg3+ Kh6 27. Qc5 1-0

[Event "European Rapid 2017"]
[Site "Katowice POL"]
[Date "2017.12.16"]
[Round "1.56"]
[White "Basiaga, Sebastian"]
[Black "Michalik, Peter"]
[Result "0-1"]
[BlackTitle "GM"]
[WhiteElo "1477"]
[BlackElo "2557"]
[WhiteFideId "21838321"]
[BlackFideId "14907526"]
[EventDate "2017.12.16"]

1. e4 c6 2. d4 d5 3. exd5 cxd5 4. Bd3 Nc6 5. c3 Nf6 6. Bf4 g6 7. Nf3 Bg7 8. h3
O-O 9. O-O Bf5 10. Re1 Bxd3 11. Qxd3 Qb6 12. Nbd2 Qxb2 13. Reb1 Qa3 14. Rxb7
Rfc8 15. Rb3 Qa4 16. Ne5 Nh5 17. Bh2 Nxe5 18. Bxe5 Bxe5 19. dxe5 Nf4 20. Qe3 Ne6
21. Nf3 Qe4 22. Qxe4 dxe4 23. Nd2 Rc5 24. Rb7 e3 25. fxe3 Kf8 26. Nf3 Rxc3 27.
Kf2 Nc5 28. Rb5 Ne4+ 29. Kg1 Rxe3 30. Re1 Rxe1+ 31. Nxe1 Rc8 32. Nf3 Rc7 33. Kh2
h6 34. Rb4 Nc3 35. a3 e6 36. Rb8+ Kg7 37. Rb3 g5 38. Rb8 Nd5 39. Rb2 Kg6 40. a4
Rc4 41. a5 Ra4 42. Rb5 Nf4 43. Kg1 Ra1+ 44. Kh2 Ra2 45. Ne1 Re2 46. Nf3 Rxg2+
47. Kh1 Ra2 48. Rc5 Nd3 49. Rb5 a6 0-1

[Event "European Rapid 2017"]
[Site "Katowice POL"]
[Date "2017.12.16"]
[Round "1.57"]
[White "Laurusas, Tomas"]
[Black "Ciesielski, Jan"]
[Result "1-0"]
[WhiteTitle "IM"]
[WhiteElo "2423"]
[BlackElo "1777"]
[WhiteFideId "12803731"]
[BlackFideId "1167731"]
[EventDate "2017.12.16"]

1. d4 d5 2. c4 e6 3. Nf3 f5 4. Bf4 Bd6 5. Ne5 Nd7 6. Nc3 Ngf6 7. e3 Qe7 8. Bd3
O-O 9. O-O c6 10. Qb3 Kh8 11. cxd5 exd5 12. Nxd7 Qxd7 13. Bxf5 Qxf5 14. Bxd6 Rf7
15. f3 Qg6 16. Be5 Nh5 17. Kh1 Be6 18. Qa4 a6 19. Rae1 Raf8 20. Qd1 Nf6 21. Ne2
Nh5 22. Nc1 Qh6 23. Nd3 Rf5 24. Kg1 R5f7 25. a4 Qg6 26. Kh1 Qh6 27. a5 Qg6 28.
Bd6 Rd8 29. Ne5 Ng3+ 30. hxg3 Qh5+ 31. Kg1 Rf6 32. Be7 Rh6 33. Bxd8 1-0

[Event "European Rapid 2017"]
[Site "Katowice POL"]
[Date "2017.12.16"]
[Round "1.58"]
[White "Dryja, Szymon"]
[Black "Jaracz, Pawel"]
[Result "0-1"]
[BlackTitle "GM"]
[WhiteElo "1861"]
[BlackElo "2465"]
[WhiteFideId "1165160"]
[BlackFideId "1102222"]
[EventDate "2017.12.16"]

1. Nf3 c5 2. b3 Nc6 3. Bb2 Nf6 4. e3 a6 5. c4 g6 6. d4 cxd4 7. Nxd4 Bg7 8. Be2
O-O 9. O-O d6 10. Nd2 Bd7 11. a3 Nxd4 12. Bxd4 Bc6 13. Bf3 Qd7 14. Qc2 Rfc8 15.
Qb2 b5 16. Rac1 Bxf3 17. Nxf3 bxc4 18. bxc4 e5 19. Bc3 Rxc4 20. Rcd1 Qc6 21. Bb4
Ne4 22. Nd2 Nxd2 23. Rxd2 d5 24. Rfd1 d4 25. exd4 exd4 26. h3 Bf6 27. Rd3 Rb8
28. Qd2 Re8 29. Qf4 Kg7 30. Bd2 g5 31. Qg3 h6 32. h4 Rc5 33. hxg5 hxg5 34. f4
Rf5 35. fxg5 Be5 36. Qh3 Qg6 37. g4 Rxg5 38. Bxg5 Qxg5 39. Qh5 Qxh5 40. gxh5 Bf4
41. Rxd4 Be3+ 42. Kg2 Bxd4 43. Rxd4 Re5 44. Ra4 a5 45. Rh4 Kh6 46. Kf3 Rxh5 47.
Ra4 Re5 48. Kf4 f6 49. Kg4 Kg6 50. Kf4 Kf7 51. Rc4 Rh5 52. Kg4 Rd5 53. Kf4 Kg6
54. Ra4 Rc5 55. Kg4 Kf7 56. Kf4 Ke6 57. Kg4 Ke5 58. Kf3 Kd5 59. Ke3 Rb5 60. Kf4 0-1

[Event "European Rapid 2017"]
[Site "Katowice POL"]
[Date "2017.12.16"]
[Round "1.59"]
[White "Olszewski, Michal"]
[Black "Kus, Aleksander"]
[Result "1-0"]
[WhiteTitle "GM"]
[WhiteElo "2540"]
[BlackElo "2154"]
[WhiteFideId "1121251"]
[BlackFideId "1198963"]
[EventDate "2017.12.16"]

1. e4 e6 2. d4 d5 3. Nc3 Bb4 4. e5 c5 5. a3 Bxc3+ 6. bxc3 Ne7 7. h4 Qa5 8. Bd2
Qa4 9. h5 b6 10. h6 gxh6 11. Nf3 Ba6 12. Rxh6 Nf5 13. Rf6 Nd7 14. Rxf5 exf5 15.
Ng5 Bxf1 16. Kxf1 Nf8 17. Qh5 Qd7 18. e6 Nxe6 19. Nxe6 Qxe6 20. Re1 O-O-O 21.
Rxe6 fxe6 22. Qf7 cxd4 23. Qxa7 dxc3 24. Bf4 1-0

[Event "European Rapid 2017"]
[Site "Katowice POL"]
[Date "2017.12.16"]
[Round "1.60"]
[White "Mazur, Anna"]
[Black "Mohr, Georg"]
[Result "0-1"]
[BlackTitle "GM"]
[WhiteElo "1696"]
[BlackElo "2473"]
[WhiteFideId "1125079"]
[BlackFideId "14600013"]
[EventDate "2017.12.16"]

1. e4 e6 2. d4 d5 3. exd5 exd5 4. c4 Nf6 5. Nc3 Be6 6. Nf3 h6 7. Be2 Nc6 8. O-O
dxc4 9. Be3 a6 10. a4 Be7 11. Rc1 O-O 12. Qd2 Na5 13. Bd1 Nb3 14. Bxb3 cxb3 15.
Rfd1 Nd5 16. Nxd5 Bxd5 17. Ne5 Re8 18. Nd3 Bf8 19. Nf4 Be4 20. Qc3 Bc2 21. Re1
a5 22. Qc4 Bb4 23. Re2 Ra6 24. Qb5 Rb6 25. Qh5 Rf6 26. Qg4 Re4 27. Qg3 Rfxf4 28.
Bxf4 Rxe2 29. Bxh6 Qf6 30. Be3 Bd2 31. Bxd2 Rxd2 32. Qe3 Qxd4 33. Qe8+ Kh7 34.
Rf1 Rd1 0-1